Journal of Haryana studies. (Record no. 51408)

MARC details
000 -LEADER
fixed length control field 00799nas a22002417a 4500
005 - DATE AND TIME OF LATEST TRANSACTION
control field 20110404123452.0
006 - FIXED-LENGTH DATA ELEMENTS--ADDITIONAL MATERIAL CHARACTERISTICS--GENERAL INFORMATION
fixed length control field a|||||r|||||00| 0
007 - PHYSICAL DESCRIPTION FIXED FIELD--GENERAL INFORMATION
fixed length control field ta
008 - FIXED-LENGTH DATA ELEMENTS--GENERAL INFORMATION
fixed length control field 880706c xx u | 00| 0 und
040 ## - CATALOGING SOURCE
Original cataloging agency DLC
Transcribing agency CarP
Modifying agency DLC
245 00 - TITLE STATEMENT
Title Journal of Haryana studies.
260 ## - PUBLICATION, DISTRIBUTION, ETC. (IMPRINT)
Place of publication, distribution, etc Kurukshetra,
Name of publisher, distributor, etc Kurukshetra University
Date of publication, distribution, etc [n.d.]
300 ## - PHYSICAL DESCRIPTION
Extent v.
Other physical details illus.
Dimensions 25 cm.
310 ## - CURRENT PUBLICATION FREQUENCY
Current publication frequency annual
500 ## - GENERAL NOTE
General note Serial.
650 #0 - SUBJECT ADDED ENTRY--TOPICAL TERM
Topical term or geographic name as entry element Haryana
General subdivision Periodicals. [from old catalog]
9 (RLIN) 27006
710 1# - ADDED ENTRY--CORPORATE NAME
Corporate name or jurisdiction name as entry element Kurukshetra, India.
Subordinate unit University. [from old catalog]
9 (RLIN) 27007
270 ## - ADDRESS
Address Department of Public Administration, Kurukshetra University
City Kurukshetra
906 ## - LOCAL DATA ELEMENT F, LDF (RLIN)
b cbc
c serprem
d u
e ncip
f 19
g y-ilsserca
942 ## - ADDED ENTRY ELEMENTS (KOHA)
Source of classification or shelving scheme Dewey Decimal Classification
Item type Periodicals
Serial record 1
Holdings
Withdrawn status Lost status Source of classification or shelving scheme Damaged status Not for loan Home library Current library Date acquired Total Checkouts Date last seen Price effective from Koha item type
    Dewey Decimal Classification   Not For Loan D.B.Act.Division D.B.Act.Division 04/04/2011   04/04/2011 04/04/2011 Periodicals

© Delhi Public Library
Hit Counter
free hit counter